000 00614nam a2200193Ii 4500
003 JO-AjNU
008 230606s9999||||xx |||||||||||||| ||und||
020 _a0-03-025968-1
040 _aJO-AjNU
_beng
_erda
_cJO-AjNU
041 _aeng
050 1 4 _aQA76.5 .P318 1990
100 3 _a Parker, Charles S. ,
_eauthor
_93550
245 0 0 _a Understanding computers and information processing : today and tomorrow
300 _a400p
_bIncludes index.
336 _atext
_btxt
_2rdacontent
337 _aunmediated
_bn
_2rdamedia
338 _avolume
_bnc
_2rdacarrier
650 4 _aElectronic digital computers 
_93551
999 _aE1853
_c1853
_d1853